000 00458nam a22001457a 4500
008 250623b |||||||| |||| 00| 0 eng d
020 _a9794608358
050 _aJQ3089.5.P64
_b.A53
100 _aAnazodo Rosemary
245 _aPublic service in Nigeria and comparative local government
260 _aNkpor
_bBase 5 publishers
_c2014
300 _aXavier,432p.
_bill.
650 _aPublic administration-Nigeria
_vEconomic development-Nigeria
942 _cBK
999 _c3927
_d3927